000 00542nam a2200193Ia 4500
005 20250508154854.0
008 008 250505s9999 xx 000 0 eng d
037 _aTextual
040 _aFEDL
_beng
_cFEDL
041 _aeng
_2eng
084 _a407, JAL
_qFEDL
100 _aJalling Hans Ed.
_9766283
245 0 _aModern language teaching
260 _aLondon, UK
_bOxford University Press
_c1968
300 _ax,109p
490 _aLanguage and language learning
942 _cTEXL
_h407, JAL
999 _c1352538
_d1352538